Stratégia rozvoja agropotravinárstva a konkurenčná schopnosť agropotravinárskych podnikov IV. [recenzovaný zborník vedeckých prác]
Gespeichert in:
| Körperschaft: | |
|---|---|
| Weitere Verfasser: | , , |
| Format: | Buch |
| Sprache: | Slowakisch |
| Veröffentlicht: |
Bratislava
Vydavateľstvo EKONÓM
2014
|
| Ausgabe: | 1. vyd. |
| Schlagworte: | |
| Tags: |
Keine Tags, Fügen Sie das erste Tag hinzu!
|
MARC
| LEADER | 00000nam a2200000 4500 | ||
|---|---|---|---|
| 001 | 0195445 | ||
| 005 | 20240502073258.4 | ||
| 020 | |a 978-80-225-3958-6 | ||
| 041 | 0 | |a slo | |
| 044 | |a SK | ||
| 245 | 1 | 0 | |a Stratégia rozvoja agropotravinárstva a konkurenčná schopnosť agropotravinárskych podnikov IV. |b [recenzovaný zborník vedeckých prác] |c Miroslav Grznár a kolektív, redakčné a zostavovateľské práce: Miroslav Tóth ; vedeckí recenzenti: Alena Tršťanská, Martin Matušovič |
| 250 | |a 1. vyd. | ||
| 264 | 1 | |a Bratislava |b Vydavateľstvo EKONÓM |c 2014 | |
| 300 | |a 122 s. [6,1 AH] | ||
| 610 | 2 | 0 | |a agropotravinárstvo |
| 610 | 2 | 0 | |a stratégia hospodárska |
| 610 | 2 | 0 | |a rozvoj hospodársky |
| 610 | 2 | 0 | |a konkurencieschopnosť |
| 610 | 2 | 0 | |a podnik agropotravinársky |
| 700 | 1 | |a Tóth, Miroslav, 1961- | |
| 700 | 1 | |a Tršťanská, Alena | |
| 700 | 1 | |a Matušovič, Martin | |
| 710 | 2 | |a Ekonomická univerzita v Bratislave. Fakulta podnikového manažmentu | |